1992 1857 1285 1496 1060 1176 1935 1823 1584 1247 1818 1824 1074 1177 1202 1529 1608 1946 1898 1887 1992 1774 1596 1236 1750 1094 1005 1120 1343 1599 1536 1739 1514 1036 1126 1370 1985 1044 1741 1761 1764 1058 1772 1850 1477 1660 1576 1157 1083 1502 1116 1328 1015 1682 1653 1246 1297 1185 1484 1183 1483 1975 1243 1148 1326 1537 1521 1543 1238 1293 1668 1307 1845 1032 1528 1289 1060 1069 1396 1630 1868 1164 1031 1927 1933 1160 1759 1564 1962 1932 1814 1501 1485 1177 1789 1603 1973 1046 1474 BCNSPRNW ULIB Ver.6.0+V

เปลี่ยนเป็นภาษาไทย

Change to English
 แสดงรายละเอียดบรรณานุกรม
  กลับหน้าหลัก

Brief Record : Get Marc (ISO 2709) : E-mail record : QR code < ปิดหน้าต่าง
LEADER : 00000nas 2200000uu 4500
001    13399120113
003     ULIB
008    020711s|||| th a 000 0 tha d
022    ^a15134695
110    ^aสมาคมพฤฒาวิทยาและเวชศาสตร์ผู้สูงอายุ
245    ^aวารสารพฤฒาวิทยาและเวชศาสตร์ผู้สูงอายุ /^cสมาคมพฤฒาวิทยาและเวชศาสตร์ผู้สูงอายุ
260    กรุงเทพฯ :^bสมาคมพฤฒาวิทยาและเวชศาสตร์ผู้สูงอายุ,^cม.ป.ป.
310    ^aรายสี่เดือน
850    ^aปีที่15 ฉบับที่3 ฉ.1
945    ^p0^l0^i900672
999    ^aวรรณษา ชูชัยมงคล
รายการนี้ยังไม่มีแท็ก
คุณยังไม่ได้ล็อกอิน คุณสามารถมีกิจกรรมร่วมกับเว็บไซต์ได้ แต่ต้องล็อกอินก่อน ::
  ล็อกอิน

รายการสื่อสารสนเทศ (วารสาร)

ดูแบบ: กล่อง รายการ
ARRIVED
ปีที่ 4 ฉบับที่ 7
สถานที่: ห้องสมุดวิทยาเขตสวรรค์ประชารักษ์ >วารสาร

BibComment


ยังไม่เคยถูกคอมเมนท์

คอมเมนท์ทรัพยากรรายการนี้
  คอมเมนท์: วารสารพฤฒาวิทยาแ..


 Copyright 2026. Bcnsprnw @Library